Southville International School and Colleges
Your cart is empty.
  • Cart
  • Lists
    Public lists Eva Luna New books Lux_list list_1
    Your lists Log in to create your own lists
  • Log in to your account
  • Your cookies
  • Search history
Southville International School and Colleges
  • Advanced search
  • Recent comments
  • Most popular
  • Libraries

Log in to your account

Log in with GOOGLE


If you do not have an external account, but do have a local account, you can still log in:

  1. Home
  2. MARC view: Salva vida:
Normal view MARC view ISBD view

Salva vida: (Record no. 288697)

[ view plain ]
MARC details
000 -LEADER
fixed length control field 01109nam a2200217 a 4500
001 - CONTROL NUMBER
control field REB010210 REB010567 REB010612
003 - CONTROL NUMBER IDENTIFIER
control field PILC
005 - DATE AND TIME OF LATEST TRANSACTION
control field 20150921090920.0
008 - FIXED-LENGTH DATA ELEMENTS--GENERAL INFORMATION
fixed length control field
020 ## - INTERNATIONAL STANDARD BOOK NUMBER
International Standard Book Number 9789715064699
050 ## - LIBRARY OF CONGRESS CALL NUMBER
Classification number BT 65
Item number .Es51 2008
100 ## - MAIN ENTRY--PERSONAL NAME
Personal name Esma, Victoria G.
245 #0 - TITLE STATEMENT
Title Salva vida:
Statement of responsibility, etc Victoria G. Esma, Richard G. Pazcoguin.
Remainder of title salvation story and study for college /
260 ## - PUBLICATION, DISTRIBUTION, ETC. (IMPRINT)
Place of publication, distribution, etc Manila :
Name of publisher, distributor, etc UST Publishing House,
Date of publication, distribution, etc 2008.
300 ## - PHYSICAL DESCRIPTION
Extent xii, 285 pages :
Other physical details illustrations ;
Dimensions 26 cm.
500 ## - GENERAL NOTE
General note Includes bibliographical references.
505 ## - FORMATTED CONTENTS NOTE
Miscellaneous information Unit 1
Title Introduction --
-- Theology and faith --
-- Word of God : revelation --
-- Word of God : The bible --
-- Word of God : Jesus Christ --
Miscellaneous information Unit 2
Title The Old testament --
-- Beginnings --
-- The faith of our fathers and mothers --
-- Exodus --
-- Judges, kings, prophets --
Miscellaneous information Unit 3
Title The New testament --
-- Jesus and the Gospels --
-- The public ministry of Jesus --
-- The passion and the resurrection --
-- The time of the church.
650 ## - SUBJECT ADDED ENTRY--TOPICAL TERM
Topical term or geographic name as entry element Bible
General subdivision Theology.
650 ## - SUBJECT ADDED ENTRY--TOPICAL TERM
Topical term or geographic name as entry element Religion
General subdivision Study and teaching.
942 ## - ADDED ENTRY ELEMENTS (KOHA)
Source of classification or shelving scheme Library of Congress Classification
Koha item type Books
Call number prefix Local
Holdings
Withdrawn status Lost status Source of classification or shelving scheme Damaged status Home library Current library Shelving location Date acquired Source of acquisition Sub Shelving location Total Checkouts Full call number Barcode Date last seen Price effective from Koha item type
    Library of Congress Classification   College Library College Library Filipiniana Section 09/21/2015 Donation     BT 65 .Es51 2008 C20033 05/08/2018 09/21/2015 Books

Salva vida:

APA

Esma V. G., . (2008). Salva vida. Manila: UST Publishing House.

Chicago

Esma Victoria G, . 2008. Salva vida. Manila: UST Publishing House.

Harvard

Esma V. G., . (2008). Salva vida. Manila: UST Publishing House.

MLA

Esma Victoria G, . Salva vida. Manila: UST Publishing House. 2008.

  • Place hold
  • Print
  • Cite
  • Add to your cart (remove)
  • Save record
    BIBTEX Dublin Core MARCXML MARC (non-Unicode/MARC-8) MARC (Unicode/UTF-8) MARC (Unicode/UTF-8, Standard) MODS (XML) RIS
  • More searches
    Search for this title in:
    Other Libraries (WorldCat) Other Databases (Google Scholar) Online Stores (Bookfinder.com) Open Library (openlibrary.org)

Exporting to Dublin Core...

SOUTHVILLE LIBRARY

Southville International School and Colleges Library

1281 Tropical Ave. Cor. Luxembourg St., BF Homes International, Las Pinas City

Tel. No. 8256374 / 252358 Loc. 117/146

Powered by Koha